| 000 | 00396nam a22001697a 4500 | ||
|---|---|---|---|
| 005 | 20180801153343.0 | ||
| 008 | 160624b xxu||||| |||| 00| 0 eng d | ||
| 020 | _a978-81-7446-747-8 | ||
| 041 | _aeng | ||
| 082 |
_b9696 _a658.3 |
||
| 100 |
_aRao, V.S.P. _94679 |
||
| 245 | _aOrganization Behaviour | ||
| 260 |
_bExcel book _c2009 |
||
| 300 | _a693p, | ||
| 650 |
_aManagement _9241 |
||
| 942 | _cBK | ||
| 999 |
_c3776 _d3775 |
||